Comportamiento de cuatro materiales de palma de aceite frente a la pudrición del cogollo (PC), en Tumaco - Nariño. (Registro nro. 26557)

Detalles MARC
000 -ENCABEZADO
Número de control [NR] 02634nam a22003857i 4500
001 - NÚMERO DE CONTROL
control field B-12209
003 - IDENTIFICADOR DE CONTROL NÚMERO
control field CO-BoFNCP
007 - CAMPO DESCRIPCIÓN FÍSICA FIJA - INFORMACIÓN GENERAL
fixed length control field t||
008 - DE LONGITUD FIJA DE DATOS DE ELEMENTOS - INFORMACIÓN GENERAL
Elementos de longitud fija [NR] 090820s2009 ck r spa d
040 ## - FUENTE DE CATALOGACION [NR]
Agencia de catalogación original [NR] CO-BoFNCP
Idioma de catalogación [NR] Español
Quien Cataloga CO-BoFNCP
Convenciones de la descripción [NR] rda
041 ## - CODIGO DE IDIOMA [R]
Código de idioma para texto/pista de sonido o título separado [R] Español
043 ## - CODIGO DE AREA GEOGRAFICA [NR]
Código de área geográfica [R] ck
084 ## - OTRO NUMERO DE CLASIFICACION [R]
Número clasificador [R] A-
100 1# - ASIENTO PRINCIPAL--NOMBRE PERSONAL [NR]
Nombre personal [NR] Vélez, Diana C.
ID Autoridad 41333,
Término relacionador [R] autor.
Relator code aut
245 10 - MENCION DE TITULO [NR]
Título [NR] Comportamiento de cuatro materiales de palma de aceite frente a la pudrición del cogollo (PC), en Tumaco - Nariño.
264 #1 - PRODUCCIÓN, PUBLICACIÓN, DISTRIBUCIÓN, FABRICACIÓN Y COPYRIGHT
Producción, publicación, distribución, fabricación y copyright Palmira :
Nombre del de productor, editor, distribuidor, fabricante Ascolfi,
Fecha de producción, publicación, distribución, fabricación o copyright 2009.
300 ## - DESCRIPCION FISICA [R]
Extensión [R] páginas 51-55 :
Otros detalles físicos [NR] Tablas, gráficos, fotografías.
336 ## - TIPO DE CONTENIDO
Término de tipo de contenido texto
Código de tipo de contenido txt
Fuente rdacontent
337 ## - TIPO DE MEDIO
Nombre/término del tipo de medio sin mediación
Código del tipo de medio n
Fuente rdamedia
338 ## - TIPO DE SOPORTE
Nombre/término del tipo de soporte volumen
Código del tipo de soporte nc
Fuente rdacarrier
504 ## - NOTA DE BIBLIOGRAFIA, ETC. [R]
Nota de bibliografía, etc. [NR] Incluye referencias bibliográficas.
520 ## - NOTA DE RESUMEN, ETC. [R]
Nota de sumario, etc. [NR] Se evaluaron cuatro materiales de palma de aceite por su comportamiento frente a la pudrición del cogollo en Tumaco, Nariño, zona palmera Colombiana en la cual la enfermedad se ha presentado con características epidémicas en los últimos cuatro años, ocasionando serios problemas económicos y sociales. La evaluación incluyo materiales Elaeis guineensis y del híbrido E. oleífera por E. guineensis. En los materiales E. guineensis la enfermedad se comenzó a presentar más rápidamente y con mayor severidad que en los híbridos OxG (Coari x La Mé). La mayor susceptibilidad se expresó, finalizadas las observaciones durante el primer período después de la siembra, en que las incidencias en E. guineensis fueron superiores al 77,5%, comparados con solo 12,5% de casos en los híbridos O x G. Además de los distintos valores en incidencia, fue muy notoria la diferencia en la severidad de la enfermedad entre los diferentes materiales evaluados. En el segundo período, con la implementación del manejo recomendado por Cenipalma, la velocidad de avance de la enfermedad se redujo en los materiales evaluados, excepto en Deli x Ghana. Los resultados del estudio generan la posibilidad de que, con el uso de materiales más tolerantes a la enfermedad y las prácticas de manejo, se pueda continuar con la producción de palma de aceite en Colombia.
650 #0 - ASIENTO SECUNDARIO DE MATERIA - TERMINO TEMATICO [R]
Término temático o nombre geográfico como elemento de entrada [NR] Pudrición del cogollo
9 (RLIN) 30852.
650 #0 - ASIENTO SECUNDARIO DE MATERIA - TERMINO TEMATICO [R]
Término temático o nombre geográfico como elemento de entrada [NR] Palma de aceite
9 (RLIN) 37678.
700 1# - ASIENTO SECUNDARIO - NOMBRE PERSONAL [R]
Nombre personal [NR] Aya, Héctor A.
9 (RLIN) 41328.
700 1# - ASIENTO SECUNDARIO - NOMBRE PERSONAL [R]
Nombre personal [NR] Martínez L., Gerardo
9 (RLIN) 33358.
700 1# - ASIENTO SECUNDARIO - NOMBRE PERSONAL [R]
Nombre personal [NR] Noreña, Cristián
9 (RLIN) 44277.
700 1# - ASIENTO SECUNDARIO - NOMBRE PERSONAL [R]
Nombre personal [NR] Sarria, Greicy A.
9 (RLIN) 41330.
700 1# - ASIENTO SECUNDARIO - NOMBRE PERSONAL [R]
Nombre personal [NR] Torres, Gabriel A.
9 (RLIN) 41331.
700 1# - ASIENTO SECUNDARIO - NOMBRE PERSONAL [R]
Nombre personal [NR] Varón, Francia
9 (RLIN) 41332.
773 0# - ASIENTO DEL ITEM FUENTE [R]
Asiento principal [NR] Fitopatología Colombiana
Información sobre la relación [R] v. 32, no. 2 (Febrero 2009), p.51-55
Número de control del registro [R] A-
Número Internacional Normalizado para Publicaciones Seriadas - ISSN [NR] 0120-0143
942 ## - ELEMENTOS DE ENTRADA AGREGADOS (KOHA)
Sistema de clasificación Local
Tipo de ítem principal el descrito en 300a Artículo
999 ## - NÚMEROS DE SISTEMAS DE CONTROL (KOHA)
Koha biblionumber 26557
999 ## - NÚMEROS DE SISTEMAS DE CONTROL (KOHA)
Registro cosechable Si
Existencias
Estado de retiro (OPAC) Perdido Sistema de clasificación Dañado No prestable Ubicación habitual Ubicación actual Fecha de creación Volúmen / Fascículo Total préstamos Signatura topográfica Código de barras Última vez visto Ejemplar Price effective from Tipo de ítem
    Local     1 - CID Palmero Bogotá 1 - CID Palmero Bogotá 10/21/2013 Fitopatología Colombiana. v. 32, no. 2 (Febrero 2009), p.51-55. ST-A-, ISSN: 0120-0143   A- R-12209 10/21/2013 Ej. 1 10/21/2013 Artículo